Регионална библиотека "Любен Каравелов" - Русе

От галерата до ракетоносеца (Запис номер 135943)

MARC детайли
000 -Лидер
Контролно поле с фиксирана дължина 01890nam a2200349 c 4500
003 - Код на организацията, давaща контролен номер
Контролно поле BLK
005 - Дата и час на последна редакция
Контролно поле 20220512165140.0
008 - Елементи от данни с фиксирана дължина
fixed length control field 180409b bul|||||r ||||||| ||bul||
010 ## - Наследен системен номер
LC control number KNG00141878000
040 ## - Източник на каталожния запис
Идентификатор на билиотеката - собственик на записа BLK
041 ## - Код за език
Код за езика на текст/звукозапис или на отделно заглавие Български
Код за езика КДБФ Български
080 ## - УДК
Текстов определител УДК Техника на военно-морския флот - Бази, бойни кораби (защита, въоръжение и др. )
УДК код - определител по УДК 623.8/.9
УДК определител (091)(02.062)
УДК - код + определител 623.8/.9(091)(02.062)
080 ## - УДК
Текстов определител УДК Военноморски флот - Персонал и организация. Служби. Части, принадлежащи към военно-морския флот - морска пехота, морскаартилерия и въздушни сили;технически служби в морския флот;санитарна служба
УДК код - определител по УДК 359
УДК определител (091)(02.062)
УДК - код + определител 359(091)(02.062)
100 1# - Редна дума - Автор
Автор Бойчев, Илия Николов
Авторска отговорност първи автор
R(LIN) 325082
139 ## - Редно поле
Редна дума Бойчев, Илия Николов
Авторски знак Боич - Б 60
245 10 - Сведения за заглавието
Заглавие От галерата до ракетоносеца
Подзаглавни данни Науч.-попул. очерк
Редно поле (дума) Илия Николов Бойчев.
257 ## - Страна на издаване
Страна на създаване/издаване България
260 ## - Област на издателските данни
Име на издателя, разпространителя и проч. Воен. изд.
Година на издаване 1982
Място на издаване, разпространение и проч. София
300 ## - Физическа характеристика
Страници 187 с.
Илюстрации и др. с ил.
Размери/Мащаб 21 см
380 ## - Жанр
Жанр Техника
490 ## - СЕРИИ (Колекции)
Име на серия В света на военната техника
9 (RLIN) 203525
500 ## - Общи забележки
Забележка 5 330 тир. - Библиогр. с. 183. - Развитието на бойните кораби от античността до наши дни.
650 #4 - Допълнително описание по предмет – тема
Основно описание – тема или топоним Кораби, военни
9 (RLIN) 271865
650 #4 - Допълнително описание по предмет – тема
Основно описание – тема или топоним Корабоплаване - история
9 (RLIN) 304558
653 ## - Ключова дума – ненормативна
Ключова дума кораби
653 ## - Ключова дума – ненормативна
Ключова дума история
852 ## - Местоположение
Форматна сигнатура Цб 118187
Фондова буква Хранилище
856 4# - Електронен адрес и достъп
Електронен формат pdf - файл
856 4# - Електронен адрес и достъп
Електронен формат pdf - файл
999 ## - СИСТЕМНИ КОНТРОЛНИ НОМЕРА
Koha biblionumber 135943
Koha biblioitemnumber 135943
942 ## - АРТИКУЛИ
Вид на библиотечния материал Книги
Скрит в OPAC Не
Периодичен библиозапис Да
944 ## - СЪЗДАВАНЕ И РЕДАКЦИЯ на ЗАПИСА
Създаване/Редакция Създаване
Дата на регистрацията/редакция 11.04.2013
Статус, дата на статуса 11.04.2013 - от С1,Р / 11.04.2013
Служител, извършил регистрацията/редакцията Кети_Илиева
944 ## - СЪЗДАВАНЕ И РЕДАКЦИЯ на ЗАПИСА
Създаване/Редакция Редакция
Дата на регистрацията/редакция 11.04.2013
Статус, дата на статуса 11.04.2013 - от С1,Р / 11.04.2013
944 ## - СЪЗДАВАНЕ И РЕДАКЦИЯ на ЗАПИСА
Създаване/Редакция Редакция
Дата на регистрацията/редакция 2022-05-12
999 ## - СИСТЕМНИ КОНТРОЛНИ НОМЕРА
Koha biblioitemnumber 135943
Наличности
Код за отписване Код за изгубен артикул Източник на класификационната схема Код за повреда Коз за рестрикции Код за отдаване Артикулен № Име на библиотеката - собственик Име на библиотеката, в която се намира в момента Статус (Текущо местоположение) Дата на вписване в системата Местоположение - отдел Цена в лева Инвентарен номер Систематично азбучна сигнатура Баркод Номер на екземпляра Цена в евро Служебна бележка Служебен тип на артикула
  Не е изгубен Universal Decimal Classification Не е повреден без рестрикции ползва се в читалня 222218 Регионална библиотека "Любен Каравелов" Русе Регионална библиотека "Любен Каравелов" Русе Хранилище 1982-01-01 Хранилище 1.03 365285 Цб 118187 120000365285 1 0.53 Вид: СФ Дата: 01.01.1982 Книги
Изтеглен Не е изгубен Universal Decimal Classification Не е повреден без рестрикции заемане за дома 222219 Регионална библиотека "Любен Каравелов" Русе Регионална библиотека "Любен Каравелов" Русе Заемна - подръчен фонд 1982-01-01 Заемна - подръчен фонд 1.03 366359 П 623/Б 60 366359 2 0.53 Вид: СФ Дата: 01.01.1982 Книги
Изтеглен Не е изгубен Universal Decimal Classification Не е повреден без рестрикции заемане за дома 222220 Регионална библиотека "Любен Каравелов" Русе Регионална библиотека "Любен Каравелов" Русе Детски отдел 1982-01-01 Детски отдел 1.03 366561 ДН 62/Б 60 366561 3 0.53 Вид: СФ Дата: 01.01.1982 Дата инв: 20.08.2015 Бележки инв: Д2015 Книги
Vip Innovations Ltd, Rousse, Bulgaria 2025